<?xml version="1.0" encoding="UTF-8"?>
<record
    xmlns:xsi="http://www.w3.org/2001/XMLSchema-instance"
    xsi:schemaLocation="http://www.loc.gov/MARC21/slim http://www.loc.gov/standards/marcxml/schema/MARC21slim.xsd"
    xmlns="http://www.loc.gov/MARC21/slim">

  <leader>00359nam a22001097a 4500</leader>
  <datafield tag="082" ind1=" " ind2=" ">
    <subfield code="a">378</subfield>
    <subfield code="b">INT</subfield>
  </datafield>
  <datafield tag="245" ind1=" " ind2=" ">
    <subfield code="a">2011 International President forum on Global Research Universities:</subfield>
    <subfield code="b">borderless and creative Education /</subfield>
    <subfield code="c">Edited by Nam Suh &amp; Yong-Taek Im</subfield>
  </datafield>
  <datafield tag="260" ind1=" " ind2=" ">
    <subfield code="a">Korea :</subfield>
    <subfield code="b">KAIT Press,</subfield>
    <subfield code="c">2011.</subfield>
  </datafield>
  <datafield tag="300" ind1=" " ind2=" ">
    <subfield code="a">202 p. ;</subfield>
    <subfield code="c">26 cm.</subfield>
  </datafield>
  <datafield tag="563" ind1=" " ind2=" ">
    <subfield code="a">HBK.</subfield>
  </datafield>
  <datafield tag="942" ind1=" " ind2=" ">
    <subfield code="2">ddc</subfield>
    <subfield code="c">BK</subfield>
  </datafield>
  <datafield tag="999" ind1=" " ind2=" ">
    <subfield code="c">592629</subfield>
    <subfield code="d">592629</subfield>
  </datafield>
  <datafield tag="952" ind1=" " ind2=" ">
    <subfield code="0">0</subfield>
    <subfield code="1">0</subfield>
    <subfield code="2">ddc</subfield>
    <subfield code="4">0</subfield>
    <subfield code="6">378_000000000000000_INT</subfield>
    <subfield code="7">0</subfield>
    <subfield code="9">584371</subfield>
    <subfield code="a">CL</subfield>
    <subfield code="b">CL</subfield>
    <subfield code="c">EDU</subfield>
    <subfield code="d">2022-12-08</subfield>
    <subfield code="e">Donated by Rector Sec NUST Islamabad</subfield>
    <subfield code="o">378 INT</subfield>
    <subfield code="p">CL-D-2218</subfield>
    <subfield code="r">2022-12-08</subfield>
    <subfield code="w">2022-12-08</subfield>
    <subfield code="y">BK</subfield>
  </datafield>
</record>
